|
|
|
|
| LEADER |
00000nam a2200000 a 4500 |
| 001 |
vtls001132259 |
| 003 |
SK-MaSNL |
| 005 |
20260301111732.0 |
| 008 |
250414s1992 CS 0 cze |
| 020 |
|
|
|a 8000002566
|
| 035 |
|
|
|a SNK000075111
|
| 040 |
|
|
|a SNK
|b slo
|c SNK
|e AACR2
|
| 041 |
0 |
|
|a cze
|
| 044 |
|
|
|a [CS]
|
| 080 |
|
|
|a 523.31(02.053.2)
|2 1981
|
| 100 |
1 |
|
|a Grygar, Jiří,
|d 1936-
|4 aut
|9 258420
|
| 245 |
1 |
0 |
|a Země ve vesmíru
|c Jiří Grygar, Libuše Kalašová ; Ilustr. Jaroslav Malák
|
| 250 |
|
|
|a 1. vyd.
|
| 260 |
|
|
|a Praha
|b Albatros
|c 1992
|
| 300 |
|
|
|a 128 s.
|c 30 cm
|
| 500 |
|
|
|a p. aj: Malák, Jaroslav
|
| 650 |
0 |
7 |
|a literatúra pre deti a mládež
|2 SNKPH
|9 21893
|
| 700 |
1 |
|
|a Kalašová, Libuše
|4 aut
|9 451384
|
| 700 |
1 |
|
|a Malák, Jaroslav,
|d 1928-2012
|4 ill
|9 153443
|
| 852 |
|
|
|a Slovenská národná knižnica
|
| 919 |
|
|
|a 80-00-00256-6
|
| 954 |
|
|
|a Zem (planéta)
|
| 958 |
|
|
|a Zem
|
| 999 |
|
|
|c 708166
|d 710096
|
| 952 |
|
|
|t P60, <04>, [BOOK], {604}
|a SNK
|b SNK
|y VYP
|7 0
|p 17A0035352
|o snkIB 67055
|0 0
|1 0
|4 0
|d 1997-02-04
|l 0
|r 2005-01-01 00:00:00
|w 2026-02-23
|